| 000 | 00680nam a2200217 a 4500 | ||
|---|---|---|---|
| 005 | 20220610063457.0 | ||
| 008 | 070822s1998 mx r 000 0 spa d | ||
| 020 | _a9706430911 | ||
| 035 | _aUPN01000151159 | ||
| 049 | _aI | ||
| 050 | 4 |
_aG370 P9 _bT3.2 |
|
| 100 | 1 | _aTapia Castro, Leticia | |
| 245 | 1 | 4 |
_aLas aventuras de Marco Polo para niños / _cLeticia Tapia Castro. |
| 260 |
_aMéxico : _bSelector, _cc1998. |
||
| 300 |
_a119 p. _bil. |
||
| 440 | 0 | _aLiteratura infantil y juvenil | |
| 600 | 1 | 4 |
_aPOLO, MARCO, _d1254-1324 - _vLITERATURA INFANTIL _915199 |
| 650 | 4 |
_aEXPLORADORES - _vLITERATURA INFANTIL _911226 |
|
| 650 | 0 |
_aViajes y travesías _911045 |
|
| 905 | _aInfantil | ||
| 999 |
_c123298 _d123298 |
||